Системы стабилизации летальных аппаратов. Продольное движение (Запись № 441464)

Подробности
000 -МАРКЕР
контрольное поле 02971nam0a2200433 4500
001 - ИДЕНТИФИКАТОР ЗАПИСИ
контрольное поле RU\NLR\bibl\990260
005 - ИДЕНТИФИКАТОР ВЕРСИИ
контрольное поле 20260405112936.0
010 ## - МЕЖДУНАРОДНЫЙ СТАНДАРТНЫЙ НОМЕР КНИГИ (ISBN)
Номер (ISBN) 5-7629-0645-0
021 ## - НОМЕР ГОСУДАРСТВЕННОЙ РЕГИСТРАЦИИ
Код страны Российская Федерация
Номер 2006-51873
Номер Листа государственной регистраци 2557
035 ## - ДРУГИЕ СИСТЕМНЫЕ НОМЕРА
Идентификатор записи (nilc)RSL-KNO-002925544
035 ## - ДРУГИЕ СИСТЕМНЫЕ НОМЕРА
Идентификатор записи (NLR Aleph) 000978073
100 ## - ДАННЫЕ ОБЩЕЙ ОБРАБОТКИ
Данные общей обработки 20060906d2005 |||y0rusy50 ca
101 0# - ЯЗЫК РЕСУРСА
Язык текста, звукозаписи и т.д. русский
102 ## - СТРАНА ПУБЛИКАЦИИ ИЛИ ПРОИЗВОДСТВА
Страна публикации Российская Федерация
105 ## - ПОЛЕ КОДИРОВАННЫХ ДАННЫХ: ТЕКСТОВЫЕ МАТЕРИАЛЫ, МОНОГРАФИЧЕСКИЕ
Кодированные данные о монографическом текстовом документе y |||||||||
106 ## - ПОЛЕ КОДИРОВАННЫХ ДАННЫХ: ТЕКСТОВЫЕ РЕСУРСЫ – ФОРМА
Форма ресурса: кодированные данные: обозначение носителя r
200 1# - ЗАГЛАВИЕ И СВЕДЕНИЯ ОБ ОТВЕТСТВЕННОСТИ
Основное заглавие Системы стабилизации летальных аппаратов. Продольное движение
Сведения, относящиеся к заглавию учеб. пособие
-- [для студентов направления 652300 - Управление движением и навигация, специальности 210500 - Системы управления летательными аппаратами]
Первые сведения об ответственности А. А. Знаменский, А. Я. Почкаев, В. В. Степанов
Последующие сведения об ответственности Федеральное агентство по образованию, Санкт-Петербургский гос. электротехнический ун-т "ЛЭТИ"
210 ## - ПУБЛИКАЦИЯ, РАСПРОСТРАНЕНИЕ И ДР.
Место издания, распространения и т.д. Санкт-Петербург
Имя издателя, распространителя и т. д. Изд-во СПбГЭТУ "ЛЭТИ"
Дата издания, распространения и т.д. 2005
Место изготовления СПб.
Имя изготовителя Изд-во СПбГЭТУ "ЛЭТИ"
215 ## - ФИЗИЧЕСКАЯ ХАРАКТЕРИСТИКА
Специфическое обозначение материала и объем 34, [1] с.
Другие сведения о физической характеристике ил.
Размеры 21
320 ## - ПРИМЕЧАНИЯ О НАЛИЧИИ В ДОКУМЕНТЕ БИБЛИОГРАФИИ / УКАЗАТЕЛЯ
Текст примечания Библиогр.: с. 32
517 0# - ДРУГИЕ ВАРИАНТЫ ЗАГЛАВИЯ
Вариант заглавия Продольное движение
606 1# - НАИМЕНОВАНИЕ ТЕМЫ КАК ПРЕДМЕТ
Наименование темы Летательные аппараты
Формальный подзаголовок Учебные издания для высших учебных заведений
Тематический подзаголовок Управляемость
Системный номер авторитетной/нормативной записи 1461269
Идентификатор авторитетной/нормативной записи RU\NLR\auth\66619965
606 1# - НАИМЕНОВАНИЕ ТЕМЫ КАК ПРЕДМЕТ
Наименование темы Летательные аппараты
Формальный подзаголовок Учебные издания для высших учебных заведений
Тематический подзаголовок Продольная устойчивость
Системный номер авторитетной/нормативной записи 2441725
Идентификатор авторитетной/нормативной записи RU\NLR\auth\661452532
610 0# - НЕКОНТРОЛИРУЕМЫЕ ПРЕДМЕТНЫЕ ТЕРМИНЫ
Предметный термин Транспорт -- Воздушный транспорт -- Авиация -- Летательные аппараты -- Системы управления и стабилизации -- Автоматизация -- Учебник для высшей школы
610 0# - НЕКОНТРОЛИРУЕМЫЕ ПРЕДМЕТНЫЕ ТЕРМИНЫ
Предметный термин стабилизация углового движения ЛА
610 0# - НЕКОНТРОЛИРУЕМЫЕ ПРЕДМЕТНЫЕ ТЕРМИНЫ
Предметный термин автоматизированные системы управления ЛА
686 ## - ИНДЕКСЫ ДРУГИХ КЛАССИФИКАЦИЙ
Индекс О52-047-05я73-1
Код системы
686 ## - ИНДЕКСЫ ДРУГИХ КЛАССИФИКАЦИЙ
Индекс О52-01я73-1
700 #1 - ИМЯ ЛИЦА - ПЕРВИЧНАЯ ОТВЕТСТВЕННОСТЬ
Код отношения Автор
Материалы, к которым относится поле rus
Графика поля Кириллица
Начальный элемент ввода Знаменский
Часть имени, кроме начального элемента ввода А. А.
Дополнения к именам, кроме дат канд. техн. наук
Даты 1931-
Расширение инициалов личного имени Артем Алексеевич
Идентификатор авторитетной/нормативной записи RU\NLR\auth\7743683
Системный номер авторитетной/нормативной записи 26626
701 #1 - ИМЯ ЛИЦА - АЛЬТЕРНАТИВНАЯ ОТВЕТСТВЕННОСТЬ
Код отношения Автор
Материалы, к которым относится поле rus
Графика поля Кириллица
Начальный элемент ввода Почкаев
Часть имени, кроме начального элемента ввода А. Я.
Дополнения к именам, кроме дат канд. техн. наук
Даты 1946-
Расширение инициалов личного имени Александр Яковлевич
Идентификатор авторитетной/нормативной записи RU\NLR\auth\7743681
Системный номер авторитетной/нормативной записи 26624
701 #1 - ИМЯ ЛИЦА - АЛЬТЕРНАТИВНАЯ ОТВЕТСТВЕННОСТЬ
Код отношения Автор
Материалы, к которым относится поле rus
Графика поля Кириллица
Начальный элемент ввода Степанов
Часть имени, кроме начального элемента ввода В. В.
Дополнения к именам, кроме дат канд. техн. наук
Даты 1941-
Расширение инициалов личного имени Вадим Витальевич
Идентификатор авторитетной/нормативной записи RU\NLR\auth\7743679
Системный номер авторитетной/нормативной записи 26622
801 #0 - ИСТОЧНИК ЗАПИСИ
Страна Российская Федерация
Организация РКП
Дата составления 20060906
Правила каталогизации rcr
801 #1 - ИСТОЧНИК ЗАПИСИ
Страна Российская Федерация
Организация РГБ
Дата составления 20060906
801 #2 - ИСТОЧНИК ЗАПИСИ
Страна Российская Федерация
Организация NLR
Дата составления 20061003
Правила каталогизации rcr
830 ## - ОБЩЕЕ ПРИМЕЧАНИЕ, СОСТАВЛЕННОЕ КАТАЛОГИЗАТОРОМ
Текст примечания авт. по кн.
942 ## - ДОПОЛНИТЕЛЬНЫЕ ЭЛЕМЕНТЫ ЗАПИСИ (АБИС)
Тип экземпляра АБИС Книга
980 ## - КОЛЛЕКЦИЯ
Название коллекции Национальная библиография
Экземпляры
Тип экземпляра Дата поступления Источник поступления Библиотека постоянного хранения Библиотека текущего хранения Место хранения Шифр хранения Штрих-код Статус экземпляра
Книга 03.10.2006 Обязательный экземпляр РНБ (Московский) РНБ (Московский) Русский книжный фонд: издания с 1957 года 2006-4/30553 2268862  
Книга 03.10.2006 Обязательный экземпляр РНБ (Московский) РНБ (Московский) Русский книжный фонд: издания с 1957 года 2006-4/30553 2268863